00293nam a2200121Ia 4500008004100000100002800041245003000069260002600099300000800125650001400133942000700147999001700154190216s9999||||xx |||||||||||||| ||und|| aPerumpatavam Sreedharan 0aKuruthola Kilikkoru Koodu bPoorna Pubs Kozhikode a152 aMalayalam cBK c26993d26993